Normal view
MARC view
Entry Topical Term
001 - CONTROL NUMBER
- control field: 49736
003 - CONTROL NUMBER IDENTIFIER
- control field: OSt
005 - DATE AND TIME OF LATEST TRANSACTION
- control field: 20250107102907.0
008 - FIXED-LENGTH DATA ELEMENTS
- fixed length control field: 250107|| aca||aabn | a|a d
040 ## - CATALOGING SOURCE
- Original cataloging agency: OSt
- Transcribing agency: OSt
150 ## - HEADING--TOPICAL TERM
- Topical term or geographic name entry element: Relative mobility Intergenerational persistence Equality of opportunity Race Measurement error Census data US history White samples Nonwhite families Mobility estimates
670 ## - SOURCE DATA FOUND
- Source citation: Work cat.: (OSt)525057: Ward, Zachary 49735, Intergenerational mobility in American history: Accounting for race and measurement error
